00363nam a2200145Ia 4500008004100000020001500041041001200056082001600068100001500084245006500099260002500164300000800189650000800197700001200205221030s9999 xx 000 0 und d a0074622447 aEnglish a105.23bMil aJ. Millman 0aPulse, Digital & Switching Waveformscby J. Millman, H. Taub bTMHaNew Delhic2005 a958 aECE aH. Taub